The meaning of PARESIS in Romans 3:25c and the Pauline thought on the divine acquittal

Saved in:  
Bibliographic Details
Main Author: Penna, Romano 1937-2025 (Author)
Format: Print Article
Language:English
Check availability: HBZ Gateway
Interlibrary Loan:Interlibrary Loan for the Fachinformationsdienste (Specialized Information Services in Germany)
Published: 2005
In: Lutherische und neue Paulusperspektive
Year: 2005, Pages: 251-274
Standardized Subjects / Keyword chains:B Paul Apostle / Pauline letters / Theology
IxTheo Classification:HC New Testament
Further subjects:B paraiēmi
B Bible. Römerbrief 3,25
B Justification
B Bible. Römerbrief 3,21-26

MARC

LEADER 00000caa a22000002c 4500
001 158944003X
003 DE-627
005 20210619210029.0
007 tu
008 190311s2005 xx ||||| 00| ||eng c
020 |a 3161487125 
035 |a (DE-627)158944003X 
035 |a (DE-576)51944003X 
035 |a (DE-599)BSZ51944003X 
040 |a DE-627  |b ger  |c DE-627  |e rakwb 
041 |a eng 
084 |a 1  |2 ssgn 
100 1 |0 (DE-588)136345565  |0 (DE-627)581093151  |0 (DE-576)165970642  |4 aut  |a Penna, Romano  |d 1937-2025 
109 |a Penna, Romano 1937-2025  |a Penna, Romano Paolo 1937-2025  |a Penna, R. 1937-2025 
245 1 4 |a The meaning of PARESIS in Romans 3:25c and the Pauline thought on the divine acquittal 
264 1 |c 2005 
336 |a Text  |b txt  |2 rdacontent 
337 |a ohne Hilfsmittel zu benutzen  |b n  |2 rdamedia 
338 |a Band  |b nc  |2 rdacarrier 
630 0 7 |0 (DE-588)4430715-9  |0 (DE-627)702646377  |0 (DE-576)212372998  |a Bibel  |p Römerbrief  |n 3,25  |2 gnd 
630 0 7 |0 (DE-588)4635973-4  |0 (DE-627)328885053  |0 (DE-576)214510816  |a Bibel  |p Römerbrief  |n 3,21-26  |2 gnd 
650 0 7 |0 (DE-588)114898271X  |0 (DE-627)1009242083  |0 (DE-576)496494171  |a paraiēmi  |2 gnd 
650 0 7 |0 (DE-588)4048748-9  |0 (DE-627)106189689  |0 (DE-576)20907910X  |a Rechtfertigung  |2 gnd 
652 |a HC 
689 0 0 |d p  |0 (DE-588)118641549  |0 (DE-627)135580552  |0 (DE-576)209200332  |2 gnd  |a Paulus  |c Apostel, Heiliger 
689 0 1 |d u  |0 (DE-588)4075949-0  |0 (DE-627)106084194  |0 (DE-576)209200340  |a Bibel  |2 gnd  |p Paulinische Briefe 
689 0 2 |d s  |0 (DE-588)4059758-1  |0 (DE-627)104131446  |0 (DE-576)209132159  |2 gnd  |a Theologie 
689 0 |5 (DE-627) 
773 0 8 |i In  |t Lutherische und neue Paulusperspektive  |d Tübingen : Mohr Siebeck, 2005  |g (2005), Seite 251-274  |h XIII, 460 Seiten  |w (DE-627)491627343  |w (DE-576)118842897  |z 3161487125  |7 nnam 
773 1 8 |g year:2005  |g pages:251-274 
935 |a BIIN 
951 |a AR 
BIB |a 1 
BIR |a 06003021_06003026,06003025_06003025  |b biblesearch 
ELC |b 1 
ITA |a 1  |t 1 
LOK |0 000 xxxxxcx a22 zn 4500 
LOK |0 001 3059371202 
LOK |0 003 DE-627 
LOK |0 004 158944003X 
LOK |0 005 20230327211729 
LOK |0 008 190311||||||||||||||||ger||||||| 
LOK |0 035   |a (DE-Tue135-1)158358 
LOK |0 040   |a DE-Tue135-1  |c DE-627  |d DE-Tue135-1 
LOK |0 852   |a DE-Tue135-1 
LOK |0 852 1  |m p  |9 00 
LOK |0 852 2  |b FTH 206-T92 BACH  |9 00 
LOK |0 8564   |u https://bibsearch.uibk.ac.at/permalink/f/fovelg/UIB_alma21165395560003333 
LOK |0 935   |a iSWA 
LOK |0 936ln  |0 1442044136  |a HC 
LOK |0 938   |k p 
LOK |0 939   |a 11-03-19  |b l12 
ORI |a SA-MARC-ixtheoa001.raw 
STA 0 0 |a Justification,Justification,Theology,Theology 
STB 0 0 |a Justification,Justification,Théologie,Théologie 
STC 0 0 |a Justificación,Justificación,Teología,Teología 
STD 0 0 |a Giustificazione,Giustificazione,Teologia,Teologia 
STE 0 0 |a 神学家,证明正当,辩解 
STF 0 0 |a 神學家,證明正當,辯解 
STG 0 0 |a Justificação,Justificação,Teologia,Teologia 
STH 0 0 |a Богословие (мотив),Богословие,Оправдание (философия),Оправдание 
STI 0 0 |a Δικαιολογία <φιλοσοφία>,Δικαιολογία,Αιτιολόγηση,Αιτιολόγηση (φιλοσοφία),Θεολογία (μοτίβο),Θεολογία 
SUB |a BIB 
SYE 0 0 |a πᾰρᾰἵημι 
SYG 0 0 |a Paulus,Apostolus, Heiliger,Paulus,Apostolos, Heiliger,Paulus,Apostolus,Paulus,von Tarsus, Apostel, Heiliger,Paulus,Sardensis, Apostel, Heiliger,Paulus,von Tarsos, Apostel, Heiliger,Paulus,Theologe, Apostel, Heiliger,Paulus,Apostolus, Sanctus,Paulus,Divus, Apostel, Heiliger,Paul,Apostle, Saint,Paul,Apôtre, Saint,Paullus,Apostel, Heiliger,Paulos,Apostel, Heiliger,Pavel,Apostel, Heiliger,Pawel,Apostel, Heiliger,Pablo,Apostel, Heiliger,Paolo,di Tarso, Apostel, Heiliger,Phòil,Apostel, Heiliger,Pól,Apostel, Heiliger,Paavalin,Apostel, Heiliger,Saulus,Apostel, Heiliger,Šāû́l,Apostel, Heiliger,Saulus,von Tarsus, Apostel, Heiliger,Paulus,von Tarsus,Paulus,Biblische Person,Saulus,von Tarsus,Saulus,Paavali,Apostel, Heiliger , Corpus Paulinum,Paulinische Briefe,Paulusbriefe,Paulus, Apostel,Paulusbriefe (im Neuen Testament der Bibel),Epîtres de Paul (im Neuen Testament der Bibel),Paulinische Briefe (im Neuen Testament der Bibel),Epistles of St. Paul (im Neuen Testament der Bibel),Letters of St. Paul (im Neuen Testament der Bibel),Lettere di Paolo (im Neuen Testament der Bibel),Epîtres de Paul,Epistulae sancti Pauli,Pauline epistles , Christliche Theologie